Państwa graniczące z Laosem - Statystyki

Ogólne statystyki
  • Ten quiz został rozwiązany 60 razy
  • Średni wynik to 5 z 5
Statystyki odpowiedzi
Długość granicy w km Odpowiedź % Poprawnych
1754 Tajlandia
100%
1650 Wietnam
100%
423 Chiny
96%
541 Kambodża
95%
235 Mjanma
91%
Nie znaleziono quizów pasujących do podanych kryteriów
Rozkład punktacji
Procent ludzi z każdym wynikiem
Percentyl według liczby udzielonych odpowiedzi
Twoja historia wyników
Nie rozwiązałeś tego quizu